| 000 | 00746cab a22002415a 4500 | ||
|---|---|---|---|
| 001 | L155573 | ||
| 008 | 120329e20120317xxk 000 0 eng d | ||
| 035 | _a(Sirsi) u155573 | ||
| 041 | 0 | _aeng | |
| 100 | 1 | _aMorrison, Adrian | |
| 245 | 0 | 0 |
_aFocus _bEMEA |
| 260 |
_aLondon _bEstates Gazette _c2012 |
||
| 490 |
_aEstates Gazette _v(1211) 17 March 2012, 71-83(11) |
||
| 520 | _aIncludes the advantages of investing in central and eastern Europe, inward investment in the Middle East and the potential for development in markets across Africa. | ||
| 590 | _aKA | ||
| 651 | 4 | _aEurope | |
| 651 | 4 | _aMiddle East | |
| 651 | 4 | _aAfrica | |
| 690 |
_aProperty management _96262 |
||
| 700 | 1 | _aHarris, David | |
| 700 | 1 | _aWehner, Piers | |
| 942 | _n0 | ||
| 999 |
_c83878 _d83878 |
||